| 000 | 00621nam a22002177a 4500 | ||
|---|---|---|---|
| 003 | OSt | ||
| 005 | 20140310182919.0 | ||
| 008 | 130129t xxu||||| |||| 00| 0 eng d | ||
| 020 | _a9789719393467 | ||
| 050 |
_aHJ 4776 _b.V152 2009 |
||
| 082 |
_aFIL 343.599 _2V152 2009 |
||
| 245 |
_aIncome taxation _cValencia, Edwin G. _bprinciples and laws with accounting applications |
||
| 250 | _a5th Edition | ||
| 260 |
_aBaguio City _bValencia Educational supply _c2009 |
||
| 300 |
_a631 p. _c22.5 cm |
||
| 521 | _acollege students | ||
| 526 | _c1210L-1700L | ||
| 541 | _j1 | ||
| 562 | _e1 | ||
| 942 |
_2lcc _cBK _kFIL |
||
| 999 |
_c17322 _d17322 |
||